NLSUI OPAC header image

Law relating to cruelty to husband : Divorce and maintenance to wife (Record no. 25019)

MARC details
000 -LEADER
fixed length control field 00567nam a2200157Ia 4500
008 - FIXED-LENGTH DATA ELEMENTS--GENERAL INFORMATION
fixed length control field 160316s2008 xxu||||| |||| 00| 0 eng d
082 ## - DEWEY DECIMAL CLASSIFICATION NUMBER
Classification number 346.016600
Item number DAS
100 ## - MAIN ENTRY--PERSONAL NAME
Personal name Das P K
245 ## - TITLE STATEMENT
Title Law relating to cruelty to husband : Divorce and maintenance to wife
250 ## - EDITION STATEMENT
Edition statement
260 ## - PUBLICATION, DISTRIBUTION, ETC.
Place of publication, distribution, etc. New Delhi
Name of publisher, distributor, etc. Universal Law Publishing Co.Pvt.Ltd.
Date of publication, distribution, etc. 2008
300 ## - PHYSICAL DESCRIPTION
Extent 352p
Other physical details
Dimensions xxxvii
365 ## - TRADE PRICE
Price amount Rs.350
650 ## - SUBJECT ADDED ENTRY--TOPICAL TERM
Topical term or geographic name entry element 1. Marriage & Divorce<br/>2. Maintenance - Divorce<br/>3. Domestic violence <br/>4. Protection Women Against Cruelty<br/>5. Protection Men against Cruelty
700 ## - ADDED ENTRY--PERSONAL NAME
Personal name
--
Holdings
Withdrawn status Lost status Damaged status Not for loan Home library Current library Shelving location Date acquired Cost, normal purchase price Total Checkouts Full call number Barcode Date last seen Price effective from Koha item type
        NLS NLS   30/05/2017 350.00   346.0166 DAS 22572 30/05/2017 30/05/2017 BOOKs